| 000 | 00667cam a22002171 4500 | ||
|---|---|---|---|
| 001 | sa 68018034 | ||
| 003 | DLC | ||
| 005 | 20260227112708.0 | ||
| 008 | 720525s1963 xx 000 0 ind | ||
| 010 | _asa 68018034 | ||
| 035 | _a(OCoLC)318305 | ||
| 040 |
_aDLC _cOAU _dDLC |
||
| 042 | _apremarc | ||
| 050 | 0 | 0 |
_aBP88.G36 _bA1 1963 |
| 100 | 1 | _aGazalba, Sidi. | |
| 245 | 1 | 0 |
_aTebaran fikiran dalam rangka Ketuhanan Jang Maha Esa; _bmendjawab beragam masalah jang dikonfrontir Islam. |
| 260 |
_aDjakarta, _bPenerbit Agus Salim, _c1913 [i. e. 1963?] |
||
| 300 |
_a184 p. _c18 cm. |
||
| 504 | _aIncludes bibliographical references. | ||
| 650 | 0 |
_aIslam _y20th century. |
|
| 999 |
_c88129 _d88129 |
||